000 00543nam a2200181 i 4500
001 30068
003 ES-MaACL
005 20230906154131.0
007 t|
008 030123s1951 sp ||||1| spa d
080 _a352/353(460)"
100 1 _aBarros Martínez, Elías.
_926059
245 1 0 _aDerecho local de España /
_cpor Elías Barros Martínez.
260 _aMadrid :
_bInstituto Editorial Reus,
_c1951.
300 _aVII, 1354 p. ;
_c22 cm.
650 0 4 _aAdministración local-
_zEspaña.
_99633
852 _aES-MaACL
_jD-7405
_bR.31263
999 _c30068
_d30068